| 000 | 00844cam a2200205 4500 | ||
|---|---|---|---|
| 001 | WS109719 | ||
| 008 | 000000n 000 0 eng u | ||
| 035 | _a(Sirsi) u109719 | ||
| 110 |
_aManagement Consultancies Association _9516 |
||
| 245 | _aManagement Consultancies Association | ||
| 520 | _aWeb site for this professional organisation representing management consultants. Includes a news service, a searchable members directory, details of research, statistics on the UK and European consulting market and details of best practice. | ||
| 650 | _aGLOBALISATION | ||
| 650 | _aINTERNET | ||
| 650 | _aORGANISATION | ||
| 650 |
_aManagement consultancy _96255 |
||
| 650 | _aBEST PRACTICE | ||
| 690 | _aMANAGEMENT-BUSINESS MANAGEMENT | ||
| 856 | 4 | 0 |
_uhttps://www.mca.org.uk _zView the website free of charge at www.mca.org.uk... |
| 942 | _n0 | ||
| 999 |
_c119736 _d119736 |
||